The Role of Diplomacy in the Times of Coronavirus Crisis
Analýza úloh diplomacie počas pandémie COVID-19. Diskusia o vybraných dimenziách diplomacie (zdravotné, ekonomické...) a analyzovanie, ako boli prispôsobené novým výzvam vyplývajúcim z prepuknutia choroby. Príspevok uzatvára séria odporúčaní zameraných na zvýšenie efektivity diplomatického úsilia.
Uložené v:
| Hlavný autor: | |
|---|---|
| Médium: | Kapitola |
| Jazyk: | English |
| Predmet: | |
| Tagy: |
Žiadne tagy, Buďte prvý, kto otaguje tento záznam!
|
MARC
| LEADER | 00000naa a2200000 4500 | ||
|---|---|---|---|
| 001 | 0282042 | ||
| 005 | 20240502083907.6 | ||
| 041 | 0 | |a eng | |
| 044 | |a GE | ||
| 245 | 1 | 0 | |a The Role of Diplomacy in the Times of Coronavirus Crisis |c Michaela Čiefová |
| 520 | |a Analýza úloh diplomacie počas pandémie COVID-19. Diskusia o vybraných dimenziách diplomacie (zdravotné, ekonomické...) a analyzovanie, ako boli prispôsobené novým výzvam vyplývajúcim z prepuknutia choroby. Príspevok uzatvára séria odporúčaní zameraných na zvýšenie efektivity diplomatického úsilia. | ||
| 610 | 2 | 0 | |a diplomacia |
| 610 | 2 | 0 | |a veda |
| 610 | 2 | 0 | |a zdravotníctvo |
| 610 | 2 | 0 | |a pandémia |
| 610 | 2 | 0 | |a politika |
| 100 | 1 | |a Čiefová, Michaela, 1991- | |